<?xml version="1.0" encoding="UTF-8"?>
<record
    xmlns:xsi="http://www.w3.org/2001/XMLSchema-instance"
    xsi:schemaLocation="http://www.loc.gov/MARC21/slim http://www.loc.gov/standards/marcxml/schema/MARC21slim.xsd"
    xmlns="http://www.loc.gov/MARC21/slim">

  <leader>00885cam a22002171  4500</leader>
  <controlfield tag="001">af 48002808 </controlfield>
  <controlfield tag="003">DLC</controlfield>
  <controlfield tag="005">20260227110857.0</controlfield>
  <controlfield tag="008">920406s1944    gw            000 0 ger c</controlfield>
  <datafield tag="010" ind1=" " ind2=" ">
    <subfield code="a">af 48002808 </subfield>
  </datafield>
  <datafield tag="035" ind1=" " ind2=" ">
    <subfield code="a">(OCoLC)25594917</subfield>
  </datafield>
  <datafield tag="040" ind1=" " ind2=" ">
    <subfield code="a">Yale Univ. Library</subfield>
    <subfield code="c">TxU</subfield>
    <subfield code="d">TxU</subfield>
    <subfield code="d">DLC</subfield>
  </datafield>
  <datafield tag="042" ind1=" " ind2=" ">
    <subfield code="a">premarc</subfield>
  </datafield>
  <datafield tag="050" ind1="0" ind2="0">
    <subfield code="a">PT1825.A11</subfield>
    <subfield code="b">W5</subfield>
  </datafield>
  <datafield tag="100" ind1="1" ind2=" ">
    <subfield code="a">Brentano, Clemens,</subfield>
    <subfield code="d">1778-1842.</subfield>
  </datafield>
  <datafield tag="245" ind1="1" ind2="4">
    <subfield code="a">Die mehreren Wehm&#xFC;ller;</subfield>
    <subfield code="b">fr&#xF6;hliche und traurige Geschichten.</subfield>
    <subfield code="c">Ausgew&#xE4;hlt, bearb. und mit einem Nachwort versehen von Aloys Christof Wilsmann.</subfield>
  </datafield>
  <datafield tag="260" ind1=" " ind2=" ">
    <subfield code="a">N&#xFC;rnberg,</subfield>
    <subfield code="b">Willmy-Verlag</subfield>
    <subfield code="c">[1944]</subfield>
  </datafield>
  <datafield tag="300" ind1=" " ind2=" ">
    <subfield code="a">327 p.</subfield>
    <subfield code="c">18 cm.</subfield>
  </datafield>
  <datafield tag="505" ind1="0" ind2=" ">
    <subfield code="a">Die mehreren Wehm&#xFC;ller.--Die Geschichte der Ungl&#xFC;cklichen.--Der Herr von H&#xFC;pfenstich.--Geschichte vom braven Kasperl und dem sch&#xF6;nen Annerl.--Gockel, Hinkel, Gackeleia.--Die drei N&#xFC;sse.</subfield>
  </datafield>
  <datafield tag="700" ind1="1" ind2=" ">
    <subfield code="a">Wilsmann, Aloys Christof,</subfield>
    <subfield code="e">ed.</subfield>
  </datafield>
  <datafield tag="999" ind1=" " ind2=" ">
    <subfield code="c">5228</subfield>
    <subfield code="d">5228</subfield>
  </datafield>
</record>
